[Event "Bundesliga 0304"]
[Site "Germany"]
[Date "2004.04.24"]
[Round "14.8"]
[White "Van den Doel, Erik"]
[Black "Meins, Gerlef"]
[Result "1-0"]
[WhiteElo "2609"]
[BlackElo "2454"]
[Annotator "Gofshtein,L"]
[PlyCount "79"]
[EventDate "2003.11.01"]
[EventType "team-tourn"]
[EventRounds "15"]
[EventCountry "GER"]
[SourceTitle "CBM 101"]
[Source "ChessBase"]
[SourceDate "2004.07.27"]
[SourceVersion "1"]
[SourceVersionDate "2004.07.27"]
[SourceQuality "1"]
[WhiteTeam "Porz"]
[BlackTeam "Werder Bremen"]
[WhiteTeamCountry "GER"]
[BlackTeamCountry "GER"]

1. e4 c5 2. Nf3 Nc6 3. d4 cxd4 4. Nxd4 Nf6 5. Nc3 d6 6. Bg5 e6 7. Qd2 Be7 8.
O-O-O Nxd4 9. Qxd4 O-O 10. f3 {White chooses a less analyzed line than the
main line 10.f4 Qa5 which also causes black serious problems.} (10. f4) 10...
Bd7 11. h4 $5 {White starts a typical plan of advance on the kingside. Other
moves had also been played, for example:} (11. g4 Bc6 12. Be2 d5 13. e5 Nd7 14.
Bxe7 Qxe7 15. h4 f6 16. exf6 Qxf6 17. g5 Qf4+ $15 {Meng Yan-Nickoloff,B/
Toronto op 1995/0-1(34)}) (11. Bc4 Bc6 12. h4 Qa5 13. Bb3 Rfd8 14. Kb1 b5 (
14... Qc7 15. g4 b5 16. h5 b4 17. Bxf6 Bxf6 18. Qxb4 a5 19. Qc4 Qb7 $44 {
Liu Wenzhe-Williams,A/Malta olm 1980/0-1 (80)}) 15. e5 dxe5 16. Qxe5 Qb6 17.
Bf4 b4 18. Be3 Qb7 19. Na4 Bxa4 {1/2-1/2 Relange,E-Sosonko,G/Cannes mT 1996}) (
11. Qd2 Bc6 12. Bd3 Qc7 13. Ne2 Rfd8 14. Nd4 h6 $132 {1-0 Landa,K-Meins,G/
Fuerth 2002/CBM 90 ext (58)}) 11... Bc6 12. g4 (12. Kb1 Qc7 (12... Qa5 13. Qd2
{[%cal Rc3d5]} Qc7 (13... b5 $4 14. Nd5 $18) 14. Bd3 Rfd8 $132 {0-1 Van der
Weide,K-Sosonko,G/Rotterdam 1998/CBM 66/[Gofshtein,L] (66)}) 13. Qd2 Rfd8 14.
Bd3 a6 15. Qe1 b5 16. g4 b4 $132 {1/2-1/2 Kallio,H-Wittmann,W/Budapest 2003/
EXT 2004 (45)}) 12... d5 {Black immideatly carries out a typical blow in the
center and is trying to reduce white's pressure by exchanging pieces. Another
line 12...Qc7 also deserves attention as the game given below shows.} (12...
Qc7 $5 13. Kb1 Rfd8 14. h5 h6 (14... Nxe4 $5 15. Nxe4 Bxe4 16. Qxe4 Bxg5 17.
Bd3 g6 18. hxg6 hxg6 $13) 15. Bc1 {1-0 Reinaldo Castineira,R-Balogh,C/ICC INT
2003/CBM 93 ext (58)}) 13. e5 Nd7 14. Bxe7 Qxe7 15. g5 {White continues to
cover more space and at the same time not allowing the releasing f7-f6 for
black.} Qc5 {Black offers an exchange of queens, trying to lower white's
attacking potential.} 16. f4 Qxd4 17. Rxd4 Rfc8 18. a3 {A profilactic move.
White keeps the possibility to conquer space on the queenside with b2-b4.} a6
19. Bh3 {[%cal Yh3e6,Rf4f5] White prepares g5-g6 after h4-h5. Black is almost
forced to weaken his position further by prevanting this idea.} g6 20. h5 b5
21. Bf1 {The bishop has done his job and is transfered to a more active spot.
Besides, white tries to open the h-file in order to create threats to the
black king.} Rab8 22. Rh3 {[%cal Rd4d2,Rd2h2] White takes the rook from h1,
releasing the rook on d4 from blocking the black pawn and preparing the
transfer of the rook to the h-file.} a5 23. b4 {[%csl Rb5][%cal Yc3b5,Rf1b5]
Limiting black's possibilities on the queenside by fixating the weakness on b5.
} Rc7 24. hxg6 hxg6 25. Rd2 axb4 26. axb4 Ra7 {[%cal Ya7a1] Black tries to get
some counterplay by activizing his rook.} 27. Kb2 Rba8 28. Rdh2 {[%cal Rh3h8]
Doubling the rooks and threatening to enter black's 8th and 7th ranks.} Nf8 {
Defending against the invasion of the white rooks. The escape of the king
didn't save as well:} (28... Kf8 29. Bxb5 Bxb5 30. Nxb5 Ra2+ 31. Kb3 Ke7 32.
Rh8 $18) 29. Bd3 $5 {White has nowhere to hurry and he simply strengthens his
position. 29.Bb5 was premature. In that case black would have gotten a
counterplay as the variations show.} (29. Bxb5 Bxb5 30. Nxb5 Rb7 31. c4 dxc4
32. Rh8+ Kg7 33. Nd6 Rxb4+ 34. Kc3 Rba4 35. Nxc4 Ra2) 29... d4 {Black wishes
to sharpen the situation not wanting the "slow" death.} 30. Ne2 Ra2+ 31. Kc1
Rd8 32. Ng3 {An immideate 32.Rh8+ was possible as well getting a winning
position.} (32. Rh8+ $5 Kg7 33. R2h7+ Nxh7 34. Rxd8 Ra4 35. Nxd4 Bd5 36. c3 $18
{[%csl Rb5]}) 32... Ra3 {Black prevents 33.Be4 with a further transfer of the
knight to f6. Anyway, it doesn't change anything, white has too many good
options.} (32... Ra1+ 33. Kd2 Rb1 34. Rh8+ Kg7 35. Be4 Ba8 36. Bxa8 Rxa8 37.
Ne4 $18) 33. Rh8+ Kg7 34. R2h7+ Nxh7 35. Rxd8 Ra1+ (35... Bd5 36. Ne2 Ra4 37.
Nxd4 Rxb4 38. c3 $18) 36. Kb2 Ra4 37. Rxd4 $18 {White has a material and a
positional advantage.} Nf8 38. Ne4 Ra8 39. Rd6 Be8 40. Nf6 {Black resigned as
he looses the second pawn (b5).} 1-0

[Event "FIDE World Cup"]
[Site "Khanty-Mansiysk"]
[Date "2005.11.28"]
[Round "1.2"]
[White "Korneev, Oleg"]
[Black "Miroshnichenko, Evgenij"]
[Result "1-0"]
[WhiteElo "2601"]
[BlackElo "2634"]
[Annotator "Gofshtein,L"]
[PlyCount "123"]
[EventDate "2005.11.27"]
[EventType "k.o."]
[EventRounds "7"]
[EventCountry "RUS"]
[SourceTitle "CBM 111"]
[Source "ChessBase"]
[SourceDate "2006.04.04"]
[SourceVersion "1"]
[SourceVersionDate "2006.04.04"]
[SourceQuality "1"]

{[%mdl 12416]} 1. e4 c5 2. Nf3 d6 3. d4 Nf6 4. Nc3 cxd4 5. Nxd4 Nc6 6. Bg5 e6
7. Qd2 Be7 8. Nb3 O-O 9. O-O-O Qb6 10. f3 {White's plan is obvious, he wishes
to start an attck on the kingside with, g2-g4 and so on.} Rd8 {This line is
considered to be good for white, as it seems that he's able to seize the
intiative and to start an attack, while black lacks clear counterplay.} 11. Nb5
{The strongest move, White's aim is to disturb the coordination of black
pieces. The immideate threat is Bg5-e3.} Rd7 {A somewhat awkward move but this
way Black opens way for the queen to d8.} (11... a6 $4 12. Be3 $18) 12. Qe1 {
The most popular move, another line is 12.Be3} (12. Be3 Qd8 13. N5d4 a5 (13...
Ne5 14. g4 d5 15. g5 Ne8 16. exd5 exd5 17. Nf5 $14 {0-1 Armas,J-Fedorowicz,J/
Wijk aan Zee 1989/CBM 12 (42)}) 14. a4 {Looks logical. White takes control of
the important squares on the queen side. Other moves gave Black a good
position.} Ne5 {14...e5 was also possible, with good counterplay.} (14... e5 $5
15. Nxc6 bxc6 16. Qc3 Qc7 17. g4 d5 18. Bc5 d4 19. Qe1 Bxc5 20. Nxc5 Re7 21.
Bc4 Nd7 $132 {0-1 Solak,D-Damljanovic,B/Belgrade 2002/CBM 91 (65)}) 15. Bb5 Rc7
{[%cal Re5c4,Rc7c2]} 16. Qe2 {Prevents Nc4.} Bd7 $5 {0-1 Kayumov,S-Jobava,B/
Abu Dhabi 2003/CBM 097/[Gofshtein,L] (39) and Black has good counterplay.})
12... a6 ({This is what happens if Black plays passively, White quickly got a
strong intiative and forced Black to resign.} 12... Qd8 13. g4 b6 $6 14. h4 Bb7
15. N5d4 Nxd4 16. Nxd4 Rc8 17. Kb1 a6 18. Bc1 Rdc7 19. g5 Nd7 20. Rh2 d5 21. e5
Bc5 22. h5 Bxd4 23. Rxd4 Nf8 24. Bd3 Rd7 25. g6 {1-0 Anand,V-Tissir,M/Shenyang
2000/CBM 79 no vc (25)}) (12... Nxe4 $6 {allows White to get a clear edge after
} 13. Bxe7 Nf2 14. Bg5 $1 Nxd1 15. Qxd1 $16) 13. N5d4 ({Another option is} 13.
Be3 $5 Qd8 14. N5d4 Nxd4 (14... Bf8 15. g4 e5 16. Nf5 $36) 15. Bxd4 e5 16. Bc3
d5 17. Bxe5 dxe4 18. Rxd7 Nxd7 (18... Bxd7 19. fxe4 a5 20. Kb1 a4 21. Nc1 a3
22. b3 Ng4 23. Bc3 Qc7 24. Bd4 $14 {0-1 Huebner,Robert-Piket,Jeroen/Lugano op 
(7) ;TD 1989 (40)}) 19. Qxe4 Nxe5 20. Qxe5 Bd6 (20... Bf6 {Gofshtein,L} 21. Qe4
Be6 22. Bc4 Bxc4 23. Qxc4 $16 {1-0 Lau,Ralf-Fedorowicz,John P/Hoogovens-B Wijk
aan Zee ;CBM 12 1989 (51)}) 21. Qd4 Bf5 22. g3 Qc7 23. Bd3 Be6 24. Kb1 $14 {
Huebner,Robert-Reeh,Oliver/Bundesliga 8889 ;GER-chT 1989/1/2-1/2 (75)}) 13...
Rd8 (13... Qc7 14. h4 Ne5 15. Kb1 b5 16. g4 d5 17. Bxf6 gxf6 18. f4 Ng6 19. f5
$40 {1-0 Anand,V-Avrukh,B/Haifa 2000/CBM 74 ext (32)}) (13... Nd5 $5 {looks
interesting, although white still retains an advantage after} 14. h4 {the
strongest} (14. exd5 Bxg5+ 15. Kb1 Nxd4 16. Nxd4 e5 {and Black is fine}) (14.
Bxe7 Ndxe7 {with no problems for Black}) 14... Ndb4 15. a3 Nxd4 16. Nxd4 Nc6
17. Nxc6 Qxc6 18. Qg3 $14) 14. Be3 (14. g4 {was also possible, though the
position is not entirely clear, here is how the game may continue:} e5 15. Nf5
Bxf5 16. exf5 d5 (16... Nd5 $2 {is weaker:} 17. h4 Bxg5+ 18. hxg5 Qe3+ 19. Qd2
Rac8 20. Kb1 {[%csl Yh1,Rh7][%cal Yh1h7] 1-0 Svidler,P-Gulko,B/Cannes 2001/CBM
82/ with big advantage for white}) 17. Bd2 a5 18. a4 d4 19. g5 Nd5 20. f6 Bb4
21. Bd3 g6 {1-0 Smirnov,P-Iskusnyh,S/Tomsk 2004/CBM 102/[Gofshtein,L] (49)
with a complicated struggle.}) 14... Qc7 15. Nxc6 Qxc6 {if Vlack recaptures
with the pawn, White has the strong reply 16.Bd2! which helps him to stop
Black's counterplay.} (15... bxc6 16. Bd2 $1 Rd7 17. Ba5 Qb7 18. g4 $13) 16.
Kb1 $146 {A novelty according to my database, a very logical prophylactic move.
} (16. g4 {is also not bad} b5 17. Nd4 Qc7 18. Bd2 Nd7 19. Ba5 Nb6 20. h4 {
1-0 Svidler,P-Korotylev,A/Moscow 2004/CBM 104/(62) and it seems that white
recieved a small plus.}) 16... b6 {Black plays this modest move and not 16...
b5 in order to take control over the a5 square, which can be used either by
the white knight or by the bishop (as in Svidler-Korotylev).} 17. Nd4 Qc7 18.
g4 Bb7 19. g5 Nd7 20. h4 {White attacks on the kingside, and black has to do
something immideate otherwise he'll be much worse.} d5 21. e5 $5 {An
interesting idea, white prefers to sacrifice a pawn to keep the position
closed.} (21. exd5 Bxd5 22. h5 Rac8 23. Bd3 {with mutual chances}) 21... Nxe5
22. f4 Nc4 23. Bc1 (23. h5 $5 {deserved attention, as in this position the
white bishop is not necessarily better than the black knight}) 23... Re8 {
Black prepares to break with e6-e5.} (23... Bd6 24. h5 $1 Bxf4 25. Bxf4 Qxf4
26. g6 {with compensation, as White's attack cannot be underestimated, for
example:} Qe3 27. Qh4 Nd2+ 28. Ka1 Nf3 29. Qe7 Nxd4 30. Qxf7+ Kh8 31. h6 {
and White has a winning attack.}) (23... e5 $2 24. fxe5 Qxe5 {loses to} 25.
Bxc4 Qxe1 26. Rhxe1 Bb4 27. c3 {leaves White a piece up.}) 24. h5 e5 25. fxe5
Qxe5 26. Qf2 $1 {White avoids the exchange of queens, and offers Black another
pawn. In case White exchange bishops, his compensation is probably not enough}
(26. Qxe5 Nxe5 27. Bg2 Rad8 28. Nf5 Bc5 {and black is doing fine}) 26... Bxg5
27. Bxg5 Qxg5 28. Rg1 $2 {allows Black to transfer the knight to e4 and to
consolidate the position.} (28. Bxc4 $1 {This move allowed White to carry out
a very strong attack on the black king, and it's not sure whether he can
survive it.} dxc4 29. Rhg1 Qxh5 30. Nf5 g6 (30... Rad8 31. Rdf1 g6 32. Qxb6 (
32. Ng7 Kxg7 33. Qxf7+ {with a perpetual}) 32... Be4 33. Ne7+ Kf8 34. Qf6 {
with a mating attack}) 31. Rd7 Be4 32. Nd6 (32. Nh6+ Qxh6 33. Qxf7+ Kh8 34.
Qf6+ {only leads to a draw}) 32... Qf3 33. Nxe4 Qxf2 34. Nxf2 {with advantage
for White.}) 28... Nd2+ $1 29. Ka1 (29. Rxd2 $4 Qxg1 $1 {wins for black}) 29...
Ne4 30. Qh2 Qe5 31. Qg2 h6 {Now black has consolidated, and has two extra
pawns, but the game is definitely not over yet, since his king is in constant
danger, and he doesn't have a clear plan. Besides, his bishop is also weak.}
32. Bd3 Ng5 (32... Qxd4 33. Bxe4 Qf6 34. Rdf1 Qg5 35. Qf2 {and white has a
strong initiative.}) 33. c3 {White's pieces are well placed.} Rad8 34. a3 {
making a "luft" for the king} b5 35. Bb1 Rd6 $2 {a tactical mistake, black
probably underestimated white's reply} 36. Rde1 Ne4 {forced} ({Suddenly it
turns out that after} 36... Qxe1 37. Rxe1 Rxe1 {white has a double attack} 38.
Qg3 $1 {with great advantage}) 37. Nf5 $1 {attacks the rook and the pawn on g7.
} g5 38. hxg6 $1 {it's more important to weaken the position of the black king
than to think of the material.} (38. Nxd6 Qxd6 {white has an exchange for two
pawns, but the position is not clear, since Black is very solid and it's not
easy for White to make progress.}) 38... Rxg6 39. Nxh6+ Kg7 40. Qf3 Qf6 41.
Nf5+ $2 {now Black is back in the game.} (41. Qe3 $1 {[%cal Gg1f1,Ge3a7,Ge1f1]
was stronger, threatening to bring one of the rooks to the f-file, white is
almost winning, here are some possible lines} Rf8 (41... Re6 42. Ref1 Qxf1 (
42... Rxg1 43. Rxg1+ Kf8 44. Rg8+ Ke7 45. Qa7 Qxh6 46. Qxb7+ Kf6 47. Qxd5 {
and White wins}) 43. Rxf1 Rxh6 44. Bxe4 dxe4 45. Qg3+ Rhg6 46. Qc7 {winning
for White}) 42. Qa7 $1 Bc8 43. Rgf1 Qxf1 44. Rxf1 Rxh6 45. Rg1+ Rg6 46. Qd4+
$18) 41... Kf8 42. Rgf1 Bc8 43. Bxe4 Rxe4 $6 (43... dxe4 {was better, Black
either exchanges queens or keeps his extra pawn.} 44. Qe3 (44. Rxe4 Bxf5 45.
Rxe8+ Kxe8 46. Qa8+ Qd8 47. Qxd8+ Kxd8 48. Rxf5 Ke7 {and it's already Black
who plays for a win, though the game is probably drawish.}) 44... Bxf5 45. Qc5+
Kg8 46. Rxf5 Qb6 47. Qd5 Qe6 {and Black is ok, since his extra pawn is a fine
compensation for the weakened king}) 44. Rxe4 dxe4 45. Qxe4 Bxf5 {It was
necesary to get rid of the knight.} 46. Rxf5 Qe6 47. Qa8+ Kg7 48. Rf1 {White
has the advantage, because Black's king is weak, and he has various tactical
resources. It is very difficult to play this position with Black, especially
in time-trouble.} Qc6 49. Qa7 Qd5 50. Qf2 Rh6 51. Qg3+ Rg6 52. Qh4 Qc4 53. Qh1
a5 $6 {I don't like this idea, Black wants to open the enemy king, but only
creates troubles for himself, as white can get a passed pawn on the queenside.
It was better stick to the waiting tactics, when it's not clear what White can
do.} (53... Qe6) 54. Qh3 Qc5 55. Qf3 Qc4 56. Qf5 {White plans Rh1 and Qe5 next}
b4 57. cxb4 axb4 58. Qe5+ (58. Rh1 Qd4) 58... Kh7 $2 {loses by force} (58...
Kf8 59. Rd1 Qh4 60. a4 Re6 61. Qc5+ Kg7 {was relatively best for black,
although here as well, White keeps some winning chances.}) (58... f6 $2 59.
Qe7+ Qf7 60. Qxb4 {costs Black a pawn.}) 59. Rh1+ Rh6 60. Qf5+ Kg7 61. Qg5+ Rg6
62. Qe5+ (62. Qe5+ f6 63. Qe7+ Qf7 64. Rh7+ $18) 1-0

[Event "USA-ch"]
[Site "San Diego"]
[Date "2004.11.28"]
[Round "4"]
[White "Perelshteyn, Eugene"]
[Black "Gulko, Boris F"]
[Result "1/2-1/2"]
[WhiteElo "2505"]
[BlackElo "2600"]
[Annotator "Gofshtein,L"]
[PlyCount "134"]
[EventDate "2004.11.24"]
[EventType "swiss"]
[EventRounds "9"]
[EventCountry "USA"]
[SourceTitle "CBM 105"]
[Source "ChessBase"]
[SourceDate "2005.04.11"]
[SourceVersion "1"]
[SourceVersionDate "2005.04.11"]
[SourceQuality "1"]

1. e4 c5 2. Nf3 d6 3. d4 cxd4 4. Nxd4 Nf6 5. Nc3 Nc6 6. Bg5 e6 7. Qd2 Be7 8.
O-O-O O-O 9. f3 a6 10. h4 Nxd4 11. Qxd4 b5 12. e5 {a rare move, a more common
one is 12.Qd2 with the transfer of the knight to d4 which leads to an unclear
game} dxe5 13. Qxe5 Bd7 ({In the first game in which 12.e5 was played 
(according to my database) white has scored a convincing victory after} 13...
Qa5 14. Rh3 Bb7 $2 (14... Rd8 $5) 15. Rg3 Kh8 16. Rd7 $3 Nxd7 17. Bh6 f6 18.
Bxg7+ Kg8 19. Bxf6+ Kf7 20. Rg7+ Ke8 {1-0 Korneev,O-Basas,J/Corte Ingles 1998/
EXT 2002 (20)}) (13... Qb6 {is also possible, developing the bishop to b7} 14.
Bd3 Bb7 15. h5 h6 16. Be3 Qc6 17. Rh3 Nd7 18. Qg3 Kh8 19. Bd4 (19. Be4 $5 Qc8
20. Bxb7 Qxb7 21. Ne4 {with a further Bd4}) 19... Bf6 20. Be4 Qc8 21. Qd6 Bxd4
22. Qxd4 Nf6 23. g4 Nxe4 24. Nxe4 Bxe4 25. Qxe4 Qc5 {1/2-1/2 Ganguly,S-Bakre,T/
Visakhapatnam IND 2004/The Week in Chess 528 (48) and black was able to
equalise, although white could probably emprove his play.}) 14. Bd3 {a
harmless move, after which black equalises easily, 14.Rh3 was a more
interesting possibility} (14. Rh3 $5 Rc8 {preparing to exchange queens with
Qd8-c7} (14... b4 15. Ne4 (15. Rg3 $2 bxc3 16. Bh6 cxb2+ 17. Kb1 g6) 15... Nxe4
16. Qxe4 {with a nice position for white}) 15. Rg3 Kh8 16. Ne4 Qc7 17. Qxc7
Rxc7 18. Nxf6 (18. Bf4 Ra7) 18... Bxf6 19. Bxf6 gxf6 20. Rd6 Bc8 21. f4 {
and white is a little better}) 14... Rc8 {Black is preparing to trade queens
with Qc7, getting a fine endgame} 15. Kb1 (15. Ne4 Nxe4 16. Bxe7 (16. Qxe4
Bxg5+ 17. hxg5 Qxg5+ 18. f4 f5 (18... Qg6 $4 19. Qd4) 19. fxg5 fxe4 20. Bxe4 {
attacking both Bd7 and h7} Bc6 21. Bxh7+ Kf7 22. Bd3 {Hard to suggest anything
better} Bxg2 23. Rh2 Bd5 {is equal}) 16... Qxe7 17. Qxe4 f5 18. Qd4 e5 19. Rhe1
Rfe8 20. Qd5+ Kh8 {is fine for black}) 15... Qc7 16. Qxc7 Rxc7 17. Ne4 Nd5 {
not allowing white to corrupt black's pawn structure} (17... Bc6 18. Nxf6+ Bxf6
19. Bxf6 gxf6 {is also perfectly playable}) 18. Bxe7 Nxe7 19. c3 (19. h5 h6)
19... Nd5 20. Rhe1 Rb8 {Black prepares active actions on the queenside} 21. g3
{White is looking to improve his pawn structure on the kingside} Kf8 (21... b4
$6 22. c4 {favours white}) 22. f4 h6 23. Bf1 Rb6 24. Rd4 a5 25. f5 $6 {white
is looking for an active game but soon finds himself in some difficulties} (25.
a3) 25... Nf6 (25... Ke7 {was also possible} 26. Bh3 (26. fxe6 Bxe6) 26... Nf6
27. Nxf6 Kxf6 28. fxe6 Bxe6) 26. Nxf6 gxf6 {White has succeeded to weaken
black's pawn chain, but black has no problems in defending his "weaknesses"}
27. fxe6 (27. Bh3 $6 e5 28. Rd2 b4 {and suddenly this is white who has the
weak f5 pawn and black seizes the initiative}) (27. Rd2 {allowing e6-e5 is not
so good} e5 28. g4 h5 29. Be2 b4 {with initiative}) 27... fxe6 28. Bh3 Ke7 {
now black has a mobile centre and is slightly better} 29. Rg4 Kf7 30. Rd4 f5 {
black is not satisfied already with the repetition of moves with 30...Ke7} 31.
g4 Kf6 32. gxf5 exf5 33. Bg2 (33. Red1 Be6) 33... Be6 34. a3 Rc4 35. Red1 (35.
Kc2 {looks as a better idea not allowing the black king to the centre}) 35...
Rxd4 36. Rxd4 $6 (36. cxd4 {seems much simpler, when} f4 $2 {runs into} 37. Rf1
$1 Kf5 38. Bh3+ Ke4 39. Re1+ Kd5 40. Re5+) 36... Bb3 $1 {black is restricting
the white king and also opens the line for the rook} 37. Kc1 Ke5 38. Kd2 Rg6 {
Black has made a significant progress already, but still his advantage is not
enough for a win} 39. Bf3 Rg3 40. Ke3 Rg1 41. Kf2 Rc1 42. Rd2 Bc2 {leads to
the exchange of pawns, b5 for h4} (42... Bc4 43. Kg3 (43. Be2 Rh1 $1) 43... f4+
44. Kf2 a4 45. Bg2 {and white can hold the position}) 43. Be2 {white is not
falling for the trap} (43. Rd5+ $6 Kf4 44. Rxb5 $4 Bd3 $1 $19 {with a double
threat on the rook and Rf1+}) 43... Be4 44. Bxb5 Rh1 45. b4 $1 {correct, white
has to create some counter chances} axb4 46. cxb4 Rxh4 47. Bf1 Rf4+ 48. Kg1 Rf3
49. Rh2 {exchanges make white's defence easier, although it was possible to
stick to his queenside pawns as well} (49. Ra2 {was also possible, preparing
to advance the pawn} Rg3+ (49... f4 50. a4 Rb3 51. b5 Rb1 52. Kf2) 50. Kf2 Rb3
51. b5 Bd5 52. Ra1 Rb2+ 53. Kg1 {and white is fine}) 49... Rxa3 50. Rxh6 Ra1
51. Kf2 Ra2+ 52. Kg1 {Black could have agreed to a draw already, he's looking
for some chances and waiting for white to make a mistake but white defends
accurately} Rb2 (52... f4 53. b5 f3 54. Rh2 Ra1 55. Rd2 Kf4 56. Kf2 $11) 53. b5
Kd4 54. Rd6+ Ke3 55. Ra6 Rb3 (55... f4 56. Ra3+ Kd4 57. Rh3 f3 58. Rh2 Rb1 59.
Kf2 {is also drawish}) 56. Ra1 Kf3 57. Ra2 Kg3 58. Rh2 Bf3 59. Rh3+ Kg4 60. Rh2
f4 61. Kf2 Be4 62. Be2+ f3 63. Bf1 Rb1 64. Rh8 Kf4 65. Rf8+ Ke5 66. Rd8 Rb2+
67. Ke3 Rb3+ 1/2-1/2